CATÁLOGO PÚBLICO DE LA BIBLIOTECA OSCAR VARSAVSKY

Orígenes de Venezuela. Regiones geohistoricas aborígenes hasta 1500 d.c. (Registro nro. 3444)

Detalles MARC
000 -CABECERA
campo de control de longitud fija 00627nam a22002057a 4500
001 - NÚMERO DE CONTROL
campo de control T027600002290
008 - DATOS DE LONGITUD FIJA--INFORMACIÓN GENERAL
campo de control de longitud fija 181111b xve|||||r|||| 00| | esp d
020 ## - NÚMERO INTERNACIONAL ESTÁNDAR DEL LIBRO
Número Internacional Estándar del Libro 980-03-03-03-0
099 ## - SIGNATURA TOPOGRÁFICA LOCAL
Número de clasificación 900
Cutter S228
Fecha Cota Rep. 1
100 ## - ENTRADA PRINCIPAL--NOMBRE DE PERSONA
Nombre de persona Sanoja, Mario
245 ## - MENCIÓN DE TÍTULO
Título Orígenes de Venezuela. Regiones geohistoricas aborígenes hasta 1500 d.c.
260 ## - PUBLICACIÓN, DISTRIBUCIÓN, ETC. (PIE DE IMPRENTA)
Lugar de publicación, distribución, etc. 1999
300 ## - DESCRIPCIÓN FÍSICA
Extensión 217
500 ## - NOTA GENERAL
Nota general
650 ## - PUNTO DE ACCESO ADICIONAL DE MATERIA--TÉRMINO DE MATERIA
Término de materia o nombre geográfico como elemento inicial Raíces históricas de la nación.
650 ## - PUNTO DE ACCESO ADICIONAL DE MATERIA--TÉRMINO DE MATERIA
Término de materia o nombre geográfico como elemento inicial El manejo político de la historia indígena de Venezuela.
650 ## - PUNTO DE ACCESO ADICIONAL DE MATERIA--TÉRMINO DE MATERIA
Término de materia o nombre geográfico como elemento inicial La región geohistórica del noreste de Venezuela.
700 ## - PUNTO DE ACCESO ADICIONAL--NOMBRE DE PERSONA
Nombre de persona Vargas Iraida.
Término indicativo de función/relación
942 ## - ELEMENTOS DE PUNTO DE ACCESO ADICIONAL (KOHA)
Tipo de ítem Koha Libro
Existencias
Estado de retiro Estado de pérdida Estado dañado No para préstamo Localización permanente Ubicación/localización actual Fecha de adquisición Total de préstamos Signatura topográfica completa Código de barras Fecha visto por última vez Precio válido a partir de Tipo de ítem Koha
        Oscar Varsavsky Oscar Varsavsky 13.11.2018   900 S228 Cota Rep. 1 T027600002282 13.11.2018 13.11.2018 Libro